Chi tiết máy; T2

Guardat en:
Dades bibliogràfiques
Autor principal: Yoo Byung Seok
Format: Llibre
Idioma:Undetermined
Publicat: Hà Nội Lao Động - Xã Hội 2001
Matèries:
Etiquetes: Afegir etiqueta
Sense etiquetes, Sigues el primer a etiquetar aquest registre!
Thư viện lưu trữ: Trung tâm Học liệu Trường Đại học Cần Thơ
LEADER 00550nam a2200193Ia 4500
001 CTU_41711
008 210402s9999 xx 000 0 und d
020 |b 16.000đ 
082 |a 621.82 
082 |b S479c/T2 
100 |a Yoo Byung Seok 
245 0 |a Chi tiết máy; T2 
245 0 |c Yoo Byung Seok 
260 |a Hà Nội 
260 |b Lao Động - Xã Hội 
260 |c 2001 
650 |a machine design,machine parts,mechanical engineering 
904 |i Minh, 010605 
980 |a Trung tâm Học liệu Trường Đại học Cần Thơ